| 000 | 00608nam a22001937a 4500 | ||
|---|---|---|---|
| 999 |
_c8575 _d8575 |
||
| 003 | AR-CdUCM | ||
| 008 | 190325b ||||| |||| 00| 0 spa d | ||
| 040 |
_aMUNICIPALIDAD PROVINCIAL DEL CUSCO _cBIBLIOTECA MUNICIPAL DEL CUSCO |
||
| 082 |
_a860.9 / _bD22 |
||
| 100 |
_aDamian, Siro _924015 |
||
| 245 | _aGuillermo / | ||
| 260 |
_aBarcelona : _bEscuela profesional de arte tipográfico, _c1915. |
||
| 300 |
_a258 páginas ; _c16.5 cm. |
||
| 500 | _aDonación familia Nieto. | ||
| 650 |
_aNarración histórica _924016 |
||
| 700 |
_aFraga Escuer, Don Francisco _924017 |
||
| 942 |
_2ddc _cLIBROS |
||
| 945 | _azta | ||